00353nam a2200133Ia 4500008004100000020001500041041001200056082001600068100001400084245007000098260002900168300000800197650001400205221030s9999 xx 000 0 und d a8123906897 aEnglish a105.23bDas aA. K. Das 0aFundamental Cocepts Of Inorganic Chemistry - Part Icby A. K. Das bCBS PubaNew Delhic2000 a414 aChemistry